000 00421nam a22001457a 4500
082 _a624
_bVAZ
100 _aVazirani v.n.
_923345
245 _aKhanna's handbook of civil engineering
_cV.n. vazirani , S.P. Chandola.
250 _a13th ed.
260 _aNew dehli
_bKhanna publishers.
_cc2010.
300 _a1650 p.
_bill.
_c32 cm.
526 _a0
_b0
_c0
_d624_000000000000000_VAZ
650 _aMCE
_9379
942 _2ddc
_cBK
999 _c550018
_d550018